000 00446 a2200181 4500
001 001645
003 OSt
005 20211201163911.0
008
082 _a543
_bV59A
100 1 _aVerma, R.M.
245 1 _aAnalytical chemistry theory and practice
_cby R.M. Verma
250 _a3rd ed.
260 _aNew Delhi
_bCBS Publishers
_c2010
300 _a561p.
690 _aChemistry, Analytic
942 _2ddc
_cBK
999 _c45
_d45